Online Catalogue and eLibrary

Mass Media Effects Across Cultures (Record no. 1468)

MARC details
000 -LEADER
fixed length control field 00526nam a2200193Ia 4500
005 - DATE AND TIME OF LATEST TRANSACTION
control field 20250319015316.0
008 - FIXED-LENGTH DATA ELEMENTS--GENERAL INFORMATION
fixed length control field 240331s9999 xx 000 0 und d
020 ## - INTERNATIONAL STANDARD BOOK NUMBER
ISBN 0803946244
082 ## - DDC Classification
Item Number - Author Mark MAS
DDC Edition Number 1108
Class No. 302.23
245 #0 - TITLE STATEMENT
Title Mass Media Effects Across Cultures
260 ## - PUBLICATION, DISTRIBUTION, ETC.
Place of publication, distribution, etc. California;
-- London;
-- New Delhi,
Name of publisher, distributor, etc. SAGE Publications
Date of publication, distribution, etc. 1992
300 ## - PHYSICAL DESCRIPTION
Extent (e.g. Volumes, Pages etc.) vii, 269 p., (Volume XVI)
650 ## - SUBJECT ADDED ENTRY--TOPICAL TERM
Topical term or geographic name entry element Media
650 ## - SUBJECT ADDED ENTRY--TOPICAL TERM
Topical term or geographic name entry element Culture
650 ## - SUBJECT ADDED ENTRY--TOPICAL TERM
Topical term or geographic name entry element Communication
700 ## - ADDED ENTRY--PERSONAL NAME
Personal name Korzenny, F
Relator term (Role) Editor
700 ## - ADDED ENTRY--PERSONAL NAME
Personal name Ting-Toomey, S
Relator term (Role) Editor
942 ## - Koha item type (Biblio)
Koha item type Books in Stacks (Lending)
Holdings
Lost status Damaged status Collection code Home library Current library Shelving location Date acquired Full call number Accession Number Item type
    Lending WERC Library WERC Library Social Science Cupboard 03/31/2024 302.23 MAS 1108 Books in Stacks (Lending)

© WERC Library